LEADER 01005nam0-22003491i-450- 001 990003189940403321 010 $a88-203-2027-4 035 $a000318994 035 $aFED01000318994 035 $a(Aleph)000318994FED01 035 $a000318994 100 $a20000920d1992----km-y0itay50------ba 101 0 $aita 102 $aIT 200 1 $aScuola e chimica$eUna ricerca sulla domanda e sull'offerta di formazione nel settore chimico$fa cura di Federchimica. 210 $aMilano$cHoepli$d1992. 215 $aXXIII, 108 p.$d24 cm 610 0 $aIndustria chimica$aFormazione professionale 610 0 $aIstruzione superiore$aChimica 676 $a13950 676 $a18400 676 $aG/2.54 676 $aH/2.227 712 2$aFederazione nazionale dell'industria chimica 801 0$aIT$bUNINA$gRICA$2UNIMARC 901 $aBK 912 $a990003189940403321 952 $a13950 FED$b15220$fSES 959 $aSES 996 $aScuola e chimica$9453790 997 $aUNINA DB $aING01 LEADER 01203nam--2200361---450- 001 990002941860203316 005 20070608102052.0 010 $a92-9084-017-X 035 $a000294186 035 $aUSA01000294186 035 $a(ALEPH)000294186USA01 035 $a000294186 100 $a20070608d2005----km-y0itaa50------ba 101 0 $aeng 102 $aIT 105 $aa---z---001yy 200 1 $aRobert Schuman Centre for Advanced Studies$e2005-2006$fEuropean University Institute 210 $aLuxembourg$cOffice for official publications of the European Communities$aSan Domenico di Fiesole (FI)$cEuropean University Institute$d2005 215 $a32 p.$cill.$d30 cm 300 $aTit. della cop. 606 0 $aIstituto universitario europeo 676 $a378.4551 699 $a06.04$bIstituti scolastici 712 02$aISTITUTO UNIVERSITARIO EUROPEO 801 0$aIT$bsalbc$gISBD 912 $a990002941860203316 951 $aCDE 06.04 (II)$bCDE 1376$cCDE 06.04$d00149419 959 $aBK 969 $aCDE 979 $aMARIAS$b90$c20070608$lUSA01$h0945 979 $aMARIAS$b90$c20070608$lUSA01$h1020 996 $aRobert Schuman Centre for Advanced Studies$91031015 997 $aUNISA